[Event "Arlington DC op 1st"]
[Site "Arlington"]
[Date "2013.06.28"]
[Round "4"]
[White "Omoifo, Osemekhian I"]
[Black "Corallo, Michael Patrick"]
[Result "0-1"]
[WhiteElo "2184"]
[BlackElo "2177"]
[PlyCount "74"]
[EventDate "2013.06.27"]
[EventType "swiss"]
[EventRounds "9"]
[EventCountry "USA"]
[SourceTitle "CBM 155 Extra"]
[Source "ChessBase"]
[SourceDate "2013.08.26"]
[SourceVersion "1"]
[SourceVersionDate "2013.08.26"]
[SourceQuality "1"]

1. Nf3 Nf6 2. c4 g6 3. d4 Bg7 4. g3 d5 5. cxd5 Nxd5 6. Bg2 Nb6 7. 0-0 Nc6 8. e3 0-0 9. Nc3 Re8 10. Nd2 e5 11. d5 Nb4 12. e4 c6 13. a3 Nd3 14. Qe2 Nxc1 15. Raxc1 cxd5 16. exd5 e4 17. Qb5 f5 18. Rcd1 Bd7 19. Qb3 Rc8 20. Ndb1 Qc7 21. Rd2 Nc4 22. Re2 b5 23. Rd1 Qb6 24. Kh1 Ne5 25. Kg1 Rc5 26. h3 Qd6 27. Nd2 Qb6 28. Nf1 Nc4 29. Nb1 Rd8 30. Ne3 Be8 31. Bf1 Ne5 32. Nc3 Bf7 33. Rc2 Nf3+ 34. Kg2 Nd4 35. Rxd4 Bxd4 36. Nxb5 Bxe3 37. fxe3 Rdxd5 0-1